| 000 | 00940cam a2200253 i 4500 | ||
|---|---|---|---|
| 001 | 17377973 | ||
| 005 | 20180205090413.0 | ||
| 008 | 120709s2013 njuab b 001 0 eng | ||
| 010 | _a 2012027450 | ||
| 020 | _a9780205873470 (pbk.) | ||
| 020 | _a0205873472 (pbk.) | ||
| 040 |
_aDLC _beng _cDLC _erda _dDLC |
||
| 041 | _aeng | ||
| 042 | _apcc | ||
| 080 | _a709 MAR | ||
| 082 | 0 | 0 |
_a709 MAR _223 |
| 100 | 1 | _a44 | |
| 101 | _aART | ||
| 245 | 1 | 0 |
_aArt history / _cMarilyn Stokstad, Judith Harris Murphy Distinguished Professor of Art History Emerita, The University of Kansas, Michael W. Cothren, Scheuer Family Professor of Humanities, Department of Art, Swarthmore College. |
| 504 | _aIncludes bibliographical references (pages 1147-1162) and index. | ||
| 906 |
_a7 _bcbc _corignew _d1 _eecip _f20 _gy-gencatlg |
||
| 942 |
_2ddc _cBK |
||
| 999 |
_c41818 _d41818 |
||